00954nam a22001577a 4500008004100000020001500041050001500056245012900071260005100200300003500251505038500286650002600671700003900697700003100736700002900767191107s2006 sp a|||| |||| 000 0 spa d a8497512081 4aRC438bP74 aPsiquiatríab: historia, dimensión social y culturalc/Elvira Arquiola, Ángel González, Félix González...[et.al]3 aBarcelonab: Ars XXI de comunicaciónc, 2006 a165 páginasb: ilustraciones1 aBosquejo histórico de la psiquiatría Dimensión médica, social y cultural de la enfermedad mental La enfermedad mental en el arte La enfermedad mental en la Literatura La enfermedad mental en la política La enfermedad mental en el cine La enfermedad en la sociedad La enfermedad mental en la música La enfermedad mental en la ciencia La enfermedad mental en filosofía14aPSIQUIATRIAxHISTORIA1 aArquiola, Elvirad1947-1995eautor1 aGonzález, Ángeleautor1 aGonzález, Felixeautor